00708nam a2200229 a 450000100060000000300080000600500170001400800410003103500190007204000350009104100080012608200220013410000230015624500940017926000360027330000250030949000340033450000190036865000360038765000210042383000340044459318BD-RjUL20211209080721.0161222r1966 nyu||||| |||| 001 0 eng d a(BD-RjUL)59442 aBD-RjULbengcBD-RjULdBD-RjUL aeng 223a370bDAP 1966 a Davis, Russell G. aPlanning human resource development :beducational models and schemata /cRussell G Davis aChicago :bRand McNally,cc1966 axi, 334 p. :c23 cm. aRand McNally education series aIncludes index aEducationvMathematical models. aManpower policy. aRand McNally education series